| Tag |
First Indicator |
Second Indicator |
Subfields |
| LEADER |
00000cam a2200000 4500 |
| 001 |
in00000013143 |
| 005 |
20151007052332.0 |
| 008 |
720929s1972 ohu b 00010 eng |
| 010 |
|
|
|a 72086350
|
| 020 |
|
|
|a 0829502432
|
| 035 |
|
|
|a (OCoLC)00447523
|
| 035 |
|
|
|9 AAA7354AM
|
| 040 |
|
|
|a DLC
|c DLC
|d m.c.
|d TXA
|d UtOrBLW
|
| 049 |
|
|
|a TXAM
|c [1333026]
|
| 050 |
0 |
0 |
|a PR6019.O9
|b Z52634
|
| 082 |
0 |
|
|a 823/.9/12
|
| 100 |
1 |
|
|a Brown, Homer Obed,
|d 1933-
|
| 245 |
1 |
0 |
|a James Joyce's early fiction ;
|b the biography of a form.
|
| 264 |
|
1 |
|a Cleveland :
|b Press of Case Western Reserve University,
|c 1972.
|
| 300 |
|
|
|a xii, 144 pages ;
|c 23 cm.
|
| 336 |
|
|
|a text
|b txt
|2 rdacontent
|
| 337 |
|
|
|a unmediated
|b n
|2 rdamedia
|
| 338 |
|
|
|a volume
|b nc
|2 rdacarrier
|
| 504 |
|
|
|a Includes bibliographical references.
|
| 600 |
1 |
0 |
|a Joyce, James,
|d 1882-1941.
|
| 999 |
|
|
|a MARS
|
| 999 |
f |
f |
|s ca2d8e4d-8078-3341-be6a-c173f29a5962
|i 3633e203-35b4-3cd7-8670-6241578420b5
|t 0
|
| 952 |
f |
f |
|p normal
|a Texas A&M University
|b College Station
|c Sterling C. Evans Library
|d Evans: Library Stacks
|t 0
|e PR6019.O9 Z52634
|h Library of Congress classification
|i unmediated -- volume
|m A14804000928
|
| 998 |
f |
f |
|a PR6019.O9 Z52634
|t 0
|l Evans: Library Stacks
|